AH International Schools' Libraries

Peep inside Dinosaurs / (Record no. 49944)

MARC details
000 -LEADER
fixed length control field 01455nam a2200349 4500
016 7# - NATIONAL BIBLIOGRAPHIC AGENCY CONTROL NUMBER
Record control number 017567211
Source Uk
020 ## - INTERNATIONAL STANDARD BOOK NUMBER
International Standard Book Number 9781409582038 :
Terms of availability £6.99
020 ## - INTERNATIONAL STANDARD BOOK NUMBER
International Standard Book Number 1409582035 :
Terms of availability £6.99
035 ## - SYSTEM CONTROL NUMBER
System control number (UkOxU)020481233
035 ## - SYSTEM CONTROL NUMBER
System control number (OCoLC)921823066
040 ## - CATALOGING SOURCE
Original cataloging agency UK-WkNB
Language of cataloging eng
Transcribing agency UK-WkNB
Modifying agency UkOxU
-- Uk
Description conventions rda
042 ## - AUTHENTICATION CODE
Authentication code ukscp
082 04 - DEWEY DECIMAL CLASSIFICATION NUMBER
Classification number 567.9
Edition number 23
082 14 - DEWEY DECIMAL CLASSIFICATION NUMBER
Classification number 567.9
Edition number 14
100 ## - MAIN ENTRY--PERSONAL NAME
Personal name Milbourne, Anna,
Relator term author.
9 (RLIN) 42904
245 10 - TITLE STATEMENT
Title Peep inside Dinosaurs /
Statement of responsibility, etc written by Anna Milbourne, illustrated by Simona Dimitri.
260 ## - PUBLICATION, DISTRIBUTION, ETC. (IMPRINT)
Place of publication, distribution, etc London:
Name of publisher, distributor, etc Usborne;
Date of publication, distribution, etc 2015.
300 ## - PHYSICAL DESCRIPTION
Extent 14 unnumbered pages :
Other physical details chiefly colour illustrations ;
Dimensions 20 cm.
490 ## - SERIES STATEMENT
Series statement Usborne peep inside
500 ## - GENERAL NOTE
General note Lift-the-flap board book, with die-cut holes in pages and front cover.
520 ## - SUMMARY, ETC.
Summary, etc This simple non-fiction book for very young children is filled with facts about dinosaurs. Little children can lift the flaps and peep through the holes in the pages to find out where dinosaurs lived, what they ate and what happened to them.
650 #0 - SUBJECT ADDED ENTRY--TOPICAL TERM
Topical term or geographic name as entry element Dinosaurs
Form subdivision Pictorial works
-- Juvenile literature.
9 (RLIN) 35980
650 #0 - SUBJECT ADDED ENTRY--TOPICAL TERM
Topical term or geographic name as entry element Board books
Form subdivision Specimens.
9 (RLIN) 65140
650 ## - SUBJECT ADDED ENTRY--TOPICAL TERM
Topical term or geographic name as entry element Lift-the-flap books
Form subdivision Specimens.
9 (RLIN) 51047
650 ## - SUBJECT ADDED ENTRY--TOPICAL TERM
Topical term or geographic name as entry element Board books.
650 ## - SUBJECT ADDED ENTRY--TOPICAL TERM
Topical term or geographic name as entry element Dinosaurs.
655 #7 - INDEX TERM--GENRE/FORM
Genre/form data or focus term Juvenile works.
Source of term fast
9 (RLIN) 52753
655 #7 - INDEX TERM--GENRE/FORM
Genre/form data or focus term Lift-the-flap books.
Source of term fast
9 (RLIN) 65142
655 #7 - INDEX TERM--GENRE/FORM
Genre/form data or focus term Toy and movable books.
Source of term fast
9 (RLIN) 65143
700 1# - ADDED ENTRY--PERSONAL NAME
Personal name Milbourne, Anna,
Relator term author.
9 (RLIN) 42904
942 ## - ADDED ENTRY ELEMENTS (KOHA)
Source of classification or shelving scheme
Koha item type Board Book
Holdings
Withdrawn status Lost status Source of classification or shelving scheme Damaged status Not for loan Home library Current library Date acquired Total Checkouts Full call number Barcode Date last seen Date checked out Price effective from Koha item type
          Logos International School Logos International School 12/10/2025 6 BB MIL 100118 04/24/2026 04/22/2026 12/10/2025 Board Book

For any Logos Library related questions please contact Miss Art at swongnarasuk@asianhope.org.

For any Asian Hope Library related questions please contact Miss Raza at graza@asianhope.org.

Click here to explore our ebooks!

Powered by Koha